10 największych stanów USA - Statystyki

Ogólne statystyki
  • Ten quiz został rozwiązany 65 razy
  • Średni wynik to 7 z 10
Statystyki odpowiedzi
Powierzchnia (km²) Stan % Poprawnych
410.000 Kalifornia
93%
678.000 Teksas
93%
1.717.800 Alaska
90%
295.300 Arizona
71%
315.200 Nowy Meksyk
61%
286.400 Nevada
59%
269.800 Kolorado
58%
253.800 Michigan
51%
255.000 Oregon
49%
381.100 Montana
46%
Nie znaleziono quizów pasujących do podanych kryteriów
Rozkład punktacji
Procent ludzi z każdym wynikiem
Percentyl według liczby udzielonych odpowiedzi
Twoja historia wyników
Nie rozwiązałeś tego quizu